Top 25 Character Mentions Harry Potter Sorcerer's Stone - Statistics

General Stats
  • This quiz has been taken 510 times
  • The average score is 21 of 25
Answer Stats
Number of Mentions Answer % Correct
1457 Harry Potter
100%
435 Ron Weasley
100%
156 Albus Dumbledore
99%
275 Hermione Granger
99%
362 Rubeus Hagrid
99%
171 Severus Snape
98%
121 Draco Malfoy
96%
111 Minerva McGonagall
96%
33 Fred Weasley
95%
30 George Weasley
95%
112 Quirinus Quirrell
94%
63 Voldemort
94%
126 Neville Longbottom
93%
141 Dudley Dursley
92%
147 Vernon Dursley
92%
77 Petunia Dursley
91%
38 Percy Weasley
85%
54 Oliver Wood
79%
25 Gregory Goyle
75%
53 Argus Filch
68%
26 Fluffy
66%
30 Nicolas Flamel
57%
35 Peeves
56%
23 Charlie Weasley
54%
25 Norbert
54%
No matching quizzes found
Score Distribution
Percent of People with Each Score
Percentile by Number Answered
Your Score History
You have not taken this quiz